You'll never walk alone (lyrics) - Statistics

General Stats
  • This quiz has been taken 2,014 times
    1,045 since last reset
  • The average score is 52 of 71
Answer Stats
Answer % Correct
walk
100%
walk
100%
walk
100%
walk
100%
walk
100%
walk
100%
walk
100%
you
100%
a
99%
a
99%
never
88%
never
88%
alone
87%
alone
87%
the
87%
the
87%
the
87%
the
87%
the
87%
the
87%
the
87%
and
84%
and
84%
and
84%
and
84%
When
83%
your
81%
your
81%
your
81%
you'll
80%
you'll
80%
on
77%
on
77%
on
77%
on
77%
through
75%
through
75%
through
75%
be
74%
be
74%
storm
73%
storm
73%
of
69%
of
69%
of
69%
up
68%
head
67%
high
67%
hold
67%
don't
64%
in
64%
afraid
63%
dark
63%
rain
61%
at
58%
end
58%
heart
57%
with
57%
golden
54%
hope
52%
there's
52%
sky
51%
sweet
50%
dreams
48%
wind
47%
silver
46%
song
44%
lark
39%
tossed
32%
blown
30%
Though
23%
No matching quizzes found
Score Distribution
Percent of People with Each Score
Percentile by Number Answered
Your Score History
You have not taken this quiz since the last reset